000 00824cam a2200301 4500
008 000000n2000 000 0 eng u
020 _a1860814484
035 _a(Sirsi) u112736
041 _aeng
050 _a333.70212
100 _aWalters, G.A.
110 _aBuilding Research Establishment
245 _aDomestic energy fact file : owner occupied homes.
250 _aRevised ed.
260 _aLondon
_bCRC Ltd.
_c2000
300 _a23p. ; 30cm.
350 _a26.25
490 _aBR
_v408
520 _aCompanion volume to Domestic Energy Fact File 1998 q.v.
650 _aENERGY CONSUMPTION
650 _aDWELLINGS
650 _aINSULATION
650 _aSTATISTICS
690 _aENVIRONMENTAL AND LAND CONSULTANCY-ENERGY
700 _aKempson, I.
700 _aShorrock, L. D.
942 _n0
999 _c101464
_d101464